[Event "Master Open"]
[Site "Voronezh"]
[Date "2018.06.19"]
[Round "7.33"]
[White "Ibadov, Dashgyn"]
[Black "Shubin, Kirill"]
[Result "0-1"]
[WhiteElo "2214"]
[BlackElo "2391"]
[Annotator ""]
[Source ""]
[Remark ""]

1.e4 e6 2.d4 d5 3.Nd2 Be7 4.c3 c5 5.exd5 Qxd5 6.dxc5 Bxc5 7.Ngf3
Nf6 8.Bc4 Qd8 9.Qe2 Qc7 10.O-O O-O 11.Ne4 Be7 12.Bg5 Nbd7 13.Bd3
Re8 14.c4 Rb8 15.Rac1 b6 16.Rfd1 Bb7 17.Bb1 Rbd8 18.Bh4 Qf4 19.Bg3
Qh6 20.Ne5 Nxe5 21.Bxe5 Nxe4 22.Bxe4 Bxe4 23.Qxe4 Bc5 24.Bg3
Rd4 25.Qe1 Red8 26.Be5 Rd2 27.Bg3 Kf8 28.h3 Ke8 29.Rb1 Qg5 30.Rxd2
Qxd2 31.Qe5 Kf8 32.Bh4 Qd4 33.Qh5 Qe4 34.Rf1 Rd2 35.b3 h6 36.a3
Bxa3 37.Ra1 Bd6 38.Kh1 Qe5 39.Qxe5 Bxe5 40.Rb1 Rb2 41.Rxb2 Bxb2
42.Kg1 g5 43.Bg3 e5 44.Kf1 f5 45.f3 Kf7 46.Ke2 Ke6 47.Kd3 h5
48.Bf2 Ba3 49.g4 hxg4 50.hxg4 e4+ 51.Ke2 exf3+ 52.Kxf3 Ke5 53.Be1
fxg4+ 54.Kxg4 Be7 55.Bg3+ Kd4 56.Bb8 a5 0-1

[Event "Master Open"]
[Site "Voronezh"]
[Date "2018.06.19"]
[Round "7.34"]
[White "Provotorov, Ivan"]
[Black "Odegov, Artem"]
[Result "1/2-1/2"]
[WhiteElo "2378"]
[BlackElo "2219"]
[Annotator ""]
[Source ""]
[Remark ""]

1.d4 d5 2.c4 c6 3.Nf3 Nf6 4.e3 Bf5 5.Nc3 e6 6.Nh4 Bg6 7.Qb3 Qc7
8.Nxg6 hxg6 9.Bd2 Nbd7 10.O-O-O dxc4 11.Bxc4 b5 12.Be2 a5 13.Bf3
Nd5 14.Nxd5 cxd5+ 15.Kb1 Qb7 16.h4 Bd6 17.Qd3 Nf6 18.Rc1 Ke7
19.Be2 b4 20.f3 Rhc8 21.g4 Rxc1+ 22.Rxc1 Rc8 23.Rxc8 Qxc8 24.Qb5
Qc7 25.Bd1 Nd7 26.Ba4 Qd8 27.b3 f5 28.e4 dxe4 29.fxe4 fxe4 30.Qg5+
Nf6 31.Qxg6 Qg8 32.Bg5 Qf8 33.Qxe4 Kf7 34.Bxf6 gxf6 35.Bd7 Qe7
36.Qh7+ Kf8 37.Qh8+ Kf7 38.Bc6 Qc7 39.Qe8+ Kg7 40.h5 Qe7 41.Qg6+
Kh8 42.Be4 Bf4 43.Bd3 f5 44.h6 Qc7 45.Bc4 Qb7 46.d5 Qa7 47.gxf5
Qd4 48.Qe8+ Kh7 49.Qf7+ Kh8 50.Qg7+ Qxg7 51.hxg7+ Kxg7 52.dxe6
Kf6 53.Kc2 Bg5 54.Bd3 Ke5 55.Kd1 Kf4 56.Ke2 Kg4 57.Be4 Kf4 58.Kd3
Ke5 59.Bc6 Kxf5 60.Bd7 Ke5 61.Kc4 Kd6 62.Kb5 Bd8 63.Ka6 Ke7 1/2-1/2

[Event "Master Open"]
[Site "Voronezh"]
[Date "2018.06.19"]
[Round "7.35"]
[White "Bykov, Oleg"]
[Black "Grachev, Alexey"]
[Result "1/2-1/2"]
[WhiteElo "2375"]
[BlackElo "2203"]
[Annotator ""]
[Source ""]
[Remark ""]

1.f4 d5 2.Nf3 Nf6 3.g3 g6 4.Bg2 Bg7 5.O-O O-O 6.d3 c5 7.c3 Nc6
8.Na3 b6 9.Nc2 Qd6 10.Rb1 Bg4 11.b4 Nd7 12.Qe1 Rae8 13.Nh4 Bf6
14.b5 Na5 15.Ne3 Bxh4 16.Nxg4 Bf6 17.Nxf6+ exf6 18.g4 Kg7 19.Bf3
c4 20.Qd2 Qc5+ 21.d4 Qd6 22.f5 g5 23.Qe1 Nb8 24.Qf2 Re7 25.Rb4
Rfe8 26.Qg2 a6 27.Re1 Rd7 28.Kf2 Red8 29.Bd2 axb5 30.Reb1 Qc6
31.Rxb5 Nb3 32.R1xb3 cxb3 33.Rxb3 Na6 34.Qf1 Nc7 35.Qb1 b5 36.Kg2
Ra8 37.a3 Ra4 38.Be1 Rc4 39.Qb2 Re7 40.Bg3 Rd7 41.Be1 1/2-1/2

[Event "Master Open"]
[Site "Voronezh"]
[Date "2018.06.19"]
[Round "7.36"]
[White "Yeritsyan, Aram"]
[Black "Zaika, Daniil"]
[Result "1/2-1/2"]
[WhiteElo "2370"]
[BlackElo "2118"]
[Annotator ""]
[Source ""]
[Remark ""]

1.e4 c5 2.Nf3 d6 3.d4 cxd4 4.Nxd4 Nf6 5.Nc3 a6 6.h4 Nc6 7.h5
Bd7 8.Be2 Rc8 9.h6 gxh6 10.Bxh6 Bxh6 11.Rxh6 Qa5 12.Nb3 Qg5 13.Qd2
Rg8 14.Qxg5 Rxg5 15.g3 Rg6 16.Rh4 e6 17.O-O-O Ke7 18.Rdh1 Rgg8
19.g4 b5 20.a3 Rcd8 21.Rg1 Rg7 22.f4 Rdg8 23.g5 Ne8 24.Rgh1 f6
25.Rxh7 fxg5 26.fxg5 Rxh7 27.Rxh7+ Rg7 28.Rxg7+ Nxg7 29.a4 bxa4
30.Nd2 Nb4 31.Nc4 Kf7 32.Nxd6+ Kg6 33.Nb7 Kxg5 34.Nc5 Bc6 35.N3xa4
Kf4 36.c3 Bxa4 37.Nxa4 Nc6 38.Bxa6 Kxe4 39.b4 Kd5 40.Bb7 Kd6
41.Kc2 Nf5 42.b5 Na5 43.Bh1 Ne3+ 44.Kd3 Nec4 45.Kd4 e5+ 46.Kd3
Kc7 47.Bg2 Nb6 48.Nc5 Nbc4 49.Bc6 Nd6 50.Bd7 Nxb5 51.Bxb5 Kb6
52.Nd7+ Kxb5 53.Nxe5 Kc5 1/2-1/2

[Event "Master Open"]
[Site "Voronezh"]
[Date "2018.06.19"]
[Round "7.37"]
[White "Malyshev, Grigory"]
[Black "German, Nikita"]
[Result "1-0"]
[WhiteElo "2362"]
[BlackElo "2182"]
[Annotator ""]
[Source ""]
[Remark ""]

1.d4 Nf6 2.c4 g6 3.Nc3 d5 4.cxd5 Nxd5 5.g3 Bg7 6.Bg2 Nxc3 7.bxc3
O-O 8.e3 c5 9.Ne2 Qa5 10.O-O Nc6 11.a4 Bg4 12.Rb1 Qa6 13.Re1
Rab8 14.h3 Bd7 15.Ba3 cxd4 16.cxd4 Rfc8 17.Nf4 b5 18.axb5 Rxb5
19.Ra1 Ra5 20.Bf1 Qb7 21.Nd3 Qc7 22.Nc5 Bf5 23.Bg2 Rb8 24.Qd2
Nd8 25.Rec1 Qb6 26.g4 Be6 27.Nd3 Qa6 28.Nc5 Qb6 29.Nxe6 Nxe6
30.Bxe7 Rb5 31.Rc6 Rb1+ 32.Rxb1 Qxb1+ 33.Rc1 Qb6 34.Ra1 Qc7 35.Bh4
Rb5 36.Bg3 Qb6 37.Qc2 a5 38.Kh2 Rb2 39.Qc8+ Bf8 40.Qa8 Rb5 41.Rc1
Rb2 42.Rc8 Qb4 43.d5 Ng5 44.d6 Ne6 45.Rxf8+ Nxf8 46.d7 1-0

[Event "Master Open"]
[Site "Voronezh"]
[Date "2018.06.19"]
[Round "7.38"]
[White "Nesterov, Arseniy"]
[Black "Volotovsky, Kirill"]
[Result "1-0"]
[WhiteElo "2317"]
[BlackElo "2159"]
[Annotator ""]
[Source ""]
[Remark ""]

1.d4 Nf6 2.c4 e6 3.Nf3 d5 4.Bg5 dxc4 5.Qa4+ Nbd7 6.e3 c5 7.Bxc4
Be7 8.O-O O-O 9.Qc2 cxd4 10.Nxd4 Nb6 11.Bb3 Bd7 12.Nc3 Rc8 13.Qd3
e5 14.Nf5 Bxf5 15.Qxf5 Nfd7 16.h4 h6 17.Bxh6 gxh6 18.Qg6+ Kh8
19.Qxh6+ Kg8 20.Bc2 Nf6 21.Rad1 Qe8 22.Bf5 Rc4 23.e4 Rxc3 24.bxc3
Qb5 25.Rd6 Bxd6 26.Qg5+ 1-0

[Event "Master Open"]
[Site "Voronezh"]
[Date "2018.06.19"]
[Round "7.39"]
[White "Perov, German"]
[Black "Sergienko, Sergey"]
[Result "1-0"]
[WhiteElo "2159"]
[BlackElo "2315"]
[Annotator ""]
[Source ""]
[Remark ""]

1.e4 c5 2.d4 cxd4 3.c3 dxc3 4.Nxc3 Nc6 5.Nf3 e6 6.Bc4 a6 7.O-O
Nge7 8.Bg5 f6 9.Be3 Ng6 10.Bb3 b5 11.Nd5 Rb8 12.Rc1 Kf7 13.Re1
Nce7 14.Nc7 Bb7 15.Ng5+ fxg5 16.Qf3+ Nf4 17.Bxf4 Nf5 18.Be5 Ke7
19.Qg4 Nh6 20.Qxg5+ Kf7 21.Qf4+ 1-0

[Event "Master Open"]
[Site "Voronezh"]
[Date "2018.06.19"]
[Round "7.40"]
[White "Volkov, Roman"]
[Black "Murzin, Volodar"]
[Result "0-1"]
[WhiteElo "2116"]
[BlackElo "2268"]
[Annotator ""]
[Source ""]
[Remark ""]

1.d4 Nf6 2.c4 g6 3.Nc3 Bg7 4.e4 O-O 5.Nf3 d6 6.Be2 Nbd7 7.O-O
e5 8.Qc2 Re8 9.Rd1 exd4 10.Nxd4 Nc5 11.f3 Bd7 12.Bg5 h6 13.Bh4
a5 14.Rac1 Na6 15.a3 Nc5 16.b3 b6 17.Bf1 Kh8 18.Rd2 Ne6 19.Nxe6
Rxe6 20.c5 g5 21.Bg3 bxc5 22.Bc4 Re7 23.e5 dxe5 24.Nd5 Nxd5 25.Bxd5
Ra6 26.Qxc5 Be6 27.Bb7 Qxd2 28.Bxa6 Bxb3 29.Rb1 Qc2 30.Rc1 Qxc5+
31.Rxc5 a4 32.Bb5 f5 33.Kf1 Bf6 34.Bc6 Kg7 35.Be1 e4 36.Bc3 Bxc3
37.Rxc3 e3 38.Rc5 f4 39.Ra5 Re6 40.Bd5 Re5 0-1

[Event "Master Open"]
[Site "Voronezh"]
[Date "2018.06.19"]
[Round "7.41"]
[White "Kyshtymov, Daniil"]
[Black "Murtazin, Ruslan"]
[Result "1-0"]
[WhiteElo "2032"]
[BlackElo "2308"]
[Annotator ""]
[Source ""]
[Remark ""]

1.e4 c5 2.Nf3 a6 3.c4 e6 4.Nc3 Qc7 5.d4 cxd4 6.Nxd4 Nf6 7.a3
b6 8.Be2 Bb7 9.Qd3 Be7 10.O-O O-O 11.f4 d6 12.b4 Nbd7 13.Bb2
Rac8 14.g4 g6 15.g5 Ne8 16.Qh3 e5 17.Nd5 Bxd5 18.cxd5 exd4 19.Bg4
Rd8 20.Rac1 Qb7 21.Bxd4 f5 22.exf5 Qxd5 23.Rcd1 Rxf5 24.Bf6 Qf7
25.Bxe7 Qxe7 26.Bxf5 gxf5 27.Qxf5 Qf7 28.Qe4 Rc8 29.Rc1 d5 30.Qd4
Nd6 31.Rcd1 Nc4 32.Qxd5 Qxd5 33.Rxd5 Nf8 34.Rc1 Ne6 35.Re5 Kf7
36.Rf5+ Kg7 37.Re5 Nxe5 38.Rxc8 Nxf4 39.Ra8 Nf3+ 40.Kf2 Nxg5
41.Rxa6 Nd5 42.a4 Ne6 43.b5 Nec7 44.Ra7 Kf6 45.a5 Nxb5 46.Rb7
Nbc7 47.axb6 Na6 48.Rxh7 Ke6 49.b7 Nf6 50.Rh8 Nd7 51.Rh6+ Nf6
52.Rh8 Nd7 53.Rc8 Kf5 54.Ke3 Ke5 55.h4 Kf5 56.h5 Kg5 57.h6 Nf6
58.Ra8 Nd5+ 59.Kd4 Ndc7 60.h7 1-0

[Event "Master Open"]
[Site "Voronezh"]
[Date "2018.06.19"]
[Round "7.42"]
[White "Yagupov, Igor"]
[Black "Schepetkova, Margarita"]
[Result "1-0"]
[WhiteElo "2359"]
[BlackElo "2244"]
[Annotator ""]
[Source ""]
[Remark ""]

1.e4 c6 2.d4 d5 3.e5 c5 4.dxc5 e6 5.a3 Nc6 6.Nf3 Bxc5 7.b4 Bb6
8.Bb2 f6 9.Bd3 fxe5 10.Nxe5 Qg5 11.Qg4 Qxg4 12.Nxg4 Nf6 13.Nxf6+
gxf6 14.Bxf6 Bxf2+ 15.Kxf2 O-O 16.Kg3 Rxf6 17.Nc3 Bd7 18.Rhf1
Raf8 19.Rxf6 Rxf6 20.Re1 Rf8 21.Nd1 h6 22.c4 dxc4 23.Bxc4 Kg7
24.Re4 Rf5 25.Bxe6 Bxe6 26.Rxe6 a5 27.Ne3 Rb5 28.bxa5 Rxa5 29.Kh4
Nd8 30.Rb6 Nf7 31.g4 h5 32.Nf5+ Kg8 33.Kxh5 Rxa3 34.h4 Nd8 35.g5
Ra6 36.Rb5 b6 37.Re5 Nc6 38.Re6 Nb4 39.g6 Ra8 40.Re7 Nd5 41.Nh6+ 1-0

[Event "Master Open"]
[Site "Voronezh"]
[Date "2018.06.19"]
[Round "7.43"]
[White "Tsvetkov, Andrey"]
[Black "Sattarov, Bobir"]
[Result "1-0"]
[WhiteElo "2220"]
[BlackElo "2351"]
[Annotator ""]
[Source ""]
[Remark ""]

1.d4 Nf6 2.c4 g6 3.Nc3 Bg7 4.e4 d6 5.Nf3 O-O 6.Be2 c5 7.O-O cxd4
8.Nxd4 Nc6 9.Be3 Bd7 10.Nc2 Qa5 11.Rb1 Rfc8 12.f4 Qd8 13.b4 Bg4
14.Bxg4 Nxg4 15.Qxg4 Bxc3 16.Qe2 a5 17.a3 axb4 18.axb4 Ra2 19.Qd3
Bg7 20.Rfd1 Qd7 21.b5 Na5 22.Nb4 Ra4 23.c5 Qe6 24.Rdc1 dxc5 25.Bxc5
h5 26.Qd1 Nb3 27.Rxb3 Rxc5 28.Rxc5 Qb6 29.Qd5 e6 30.Qc4 Bf8 31.Rc3
Bxc5+ 32.Qxc5 Qxc5+ 33.Rxc5 Rxb4 34.f5 exf5 35.exf5 Kg7 36.fxg6
Kxg6 37.h4 f6 38.Kf2 Rf4+ 39.Ke3 Rf5 40.Rxf5 Kxf5 41.Kf3 b6 42.g3
Ke5 43.g4 hxg4+ 44.Kxg4 Ke4 45.h5 f5+ 46.Kh3 Ke5 47.Kg3 f4+ 48.Kf3 1-0

[Event "Master Open"]
[Site "Voronezh"]
[Date "2018.06.19"]
[Round "7.44"]
[White "Gurvich, Vitaly"]
[Black "Kovalenko, Sergey"]
[Result "0-1"]
[WhiteElo "2305"]
[BlackElo "2237"]
[Annotator ""]
[Source ""]
[Remark ""]

1.d4 Nf6 2.c4 e6 3.Nf3 d5 4.Bg5 Be7 5.e3 h6 6.Bh4 c5 7.Nc3 cxd4
8.exd4 Ne4 9.Bxe7 Nxc3 10.Bxd8 Nxd1 11.Rxd1 Kxd8 12.Ne5 Rf8 13.Rc1
dxc4 14.Bxc4 Nd7 15.Bb5 Nb6 16.Ke2 f6 17.Ng6 Rf7 18.Nf4 g5 19.Nd3
a6 20.Bc4 Nxc4 21.Rxc4 Bd7 22.h4 Bb5 23.Rc3 g4 24.Ke3 Bxd3 25.Kxd3
Rd7 26.Ke3 Ke7 27.Rhc1 Rad8 28.Rc7 f5 29.g3 Kd6 30.Rc8 Ke7 31.Rxd8
Kxd8 32.Rc5 Rd6 33.b3 Kd7 34.Kd3 Rc6 35.Rc4 Kd6 36.a4 b5 37.axb5
axb5 38.Rxc6+ Kxc6 39.Kc3 Kd5 40.Kb4 Kxd4 41.Kxb5 e5 42.b4 f4
43.Ka4 fxg3 44.fxg3 e4 45.Kb3 Kd3 46.b5 e3 47.b6 e2 0-1

[Event "Master Open"]
[Site "Voronezh"]
[Date "2018.06.19"]
[Round "7.45"]
[White "Nazaretyan, Tigran"]
[Black "Sinitsina, Anastassia"]
[Result "0-1"]
[WhiteElo "2300"]
[BlackElo "2009"]
[Annotator ""]
[Source ""]
[Remark ""]

1.d4 Nf6 2.c4 c5 3.d5 e6 4.Nc3 exd5 5.cxd5 d6 6.e4 g6 7.h3 Bg7
8.Nf3 O-O 9.Bd3 b5 10.Nxb5 Re8 11.O-O Nxe4 12.Re1 a6 13.Na3 Nf6
14.Rxe8+ Nxe8 15.Bg5 Nf6 16.Nc4 Bb7 17.Bc2 Qc7 18.Bf4 Bf8 19.Ne3
Nbd7 20.Rc1 Nb6 21.Bb3 Qd7 22.Nh2 Bg7 23.Rc2 a5 24.Nhg4 Nxg4
25.Qxg4 Qxg4 26.hxg4 a4 27.Bc4 Rd8 28.b3 axb3 29.axb3 Bf8 30.g5
Ra8 31.Ng4 f5 32.gxf6 Bxd5 33.Ne3 Bxc4 34.bxc4 Kf7 35.Rb2 Ra6
36.g4 h6 37.g5 hxg5 38.Bxg5 Ke6 39.f4 Nd7 40.Nd5 Ra4 41.Re2+
Kf7 42.Rc2 Nb8 43.Rb2 Nc6 44.Rb7+ Ke6 45.Ne3 Nd4 46.Rb2 Nf5 47.Re2
Nxe3 48.Rxe3+ Kf7 49.Rc3 Ra2 50.Kf1 Rd2 51.Ra3 Rd4 52.Ra4 d5
53.Ra7+ Ke6 54.cxd5+ Rxd5 55.Ra6+ Bd6 56.Ke2 Rf5 57.Ke3 Kd5 58.Ra5
Be5 59.Ra6 Bd4+ 60.Kf3 c4 61.Ra5+ Bc5 62.Bh4 Kc6 63.Ke4 Bf2 64.Ra4
Bxh4 65.Rxc4+ Kd6 66.Kf3 Bxf6 67.Kg4 Rb5 68.Ra4 Ke6 69.Ra6+ Kf7
70.Ra7+ Be7 71.Ra4 Ke6 72.Ra6+ Bd6 73.Rc6 Rf5 74.Rc4 Kf7 75.Rd4
Rf6 76.Kg5 Kg7 77.Ra4 Rf5+ 78.Kg4 Kh6 79.Ra6 Rxf4+ 80.Kg3 Rd4+ 0-1

[Event "Master Open"]
[Site "Voronezh"]
[Date "2018.06.19"]
[Round "7.46"]
[White "Shoboev, Dandar"]
[Black "Ergeshov, Timur"]
[Result "0-1"]
[WhiteElo "2091"]
[BlackElo "2290"]
[Annotator ""]
[Source ""]
[Remark ""]

1.d4 Nf6 2.c4 e6 3.Nf3 b6 4.g3 Ba6 5.Nbd2 Bb7 6.Bg2 c5 7.O-O
Be7 8.e4 d5 9.cxd5 exd5 10.e5 Nfd7 11.Re1 Nf8 12.Nf1 Ne6 13.Ne3
O-O 14.Nf5 Nc6 15.Be3 Re8 16.Nxe7+ Nxe7 17.Rc1 Rc8 18.Bh3 Ng6
19.Bxe6 fxe6 20.Ng5 h6 21.Qd3 Nf8 22.Nh3 Qd7 23.f4 Qa4 24.a3
cxd4 25.Rxc8 Rxc8 26.Bxd4 Ba6 27.Qe3 Qc2 28.Nf2 Ng6 29.Nd1 Ne7
30.g4 Qg6 31.Qf3 Nf5 32.Bf2 h5 33.h3 hxg4 34.hxg4 d4 35.Kh2 Nh6
36.Rg1 Rc2 37.g5 Nf5 38.Qa8+ Rc8 39.Qf3 Kf7 40.Rg2 Rc7 41.Qh3
Be2 42.Rg1 Rc2 0-1

[Event "Master Open"]
[Site "Voronezh"]
[Date "2018.06.19"]
[Round "7.47"]
[White "Yangutov, Aleksey"]
[Black "Najdin, Danil"]
[Result "1-0"]
[WhiteElo "1975"]
[BlackElo "2250"]
[Annotator ""]
[Source ""]
[Remark ""]

1.d4 Nf6 2.c4 g6 3.Nc3 Bg7 4.e4 d6 5.Nf3 O-O 6.Be2 e5 7.d5 Na6
8.Bg5 Qe8 9.Nd2 Nd7 10.f3 f5 11.O-O f4 12.Bh4 g5 13.Bf2 Rf6 14.Re1
Qh5 15.Nf1 Rh6 16.Rb1 c5 17.dxc6 bxc6 18.b4 Nc7 19.b5 c5 20.Nd5
Ne6 21.Ne7+ Kh8 22.Qxd6 Bf8 23.Qc6 Nb6 24.Nxc8 Nd8 25.Qc7 Rxc8
26.Qxe5+ Bg7 27.Qf5 Rf6 28.Qe5 Re6 29.Qf5 Re5 30.Qg4 Qg6 31.Red1
h5 32.Qxc8 Nxc8 33.Rxd8+ Re8 34.Rxe8+ Qxe8 35.Bxc5 Qe5 36.Bf2
Nd6 37.Rd1 Nb7 38.c5 Nxc5 39.Rd5 Qb2 40.Bxc5 Qxe2 41.Bxa7 Qxa2
42.Bf2 Qb2 43.b6 Be5 44.b7 Kg7 45.Rxe5 Qxb7 46.Rxg5+ Kh6 47.Rf5 1-0

[Event "Master Open"]
[Site "Voronezh"]
[Date "2018.06.19"]
[Round "7.48"]
[White "Volovich, Vasily"]
[Black "Khokhlova, Daria"]
[Result "1/2-1/2"]
[WhiteElo "2244"]
[BlackElo "2198"]
[Annotator ""]
[Source ""]
[Remark ""]

1.e4 c5 2.Nf3 d6 3.c3 Nf6 4.h3 Nc6 5.Bd3 d5 6.e5 Nd7 7.Bb5 Qb6
8.Ba4 c4 9.d4 cxd3 10.O-O e6 11.Qxd3 Nc5 12.Qd1 Nxa4 13.Qxa4
Bd7 14.Qg4 O-O-O 15.Nbd2 f6 16.Qg3 Qc7 17.Re1 fxe5 18.Nxe5 Nxe5
19.Qxe5 Qxe5 20.Rxe5 Bd6 21.Re1 e5 22.Nf3 Rde8 23.Be3 b6 24.Rad1
Bc6 25.Nd2 Bc7 26.f3 Rhg8 27.Bf2 Kb7 28.Bg3 Re6 29.Nf1 b5 30.f4
e4 31.f5 Bb6+ 32.Bf2 Bxf2+ 33.Kxf2 Re5 34.Ne3 a5 35.g4 Rd8 36.Rd4
Rf8 37.Kg3 g6 38.Kf4 Rfe8 39.Red1 Kb6 40.Nxd5+ Bxd5 41.Rxd5 Rxd5
42.Rxd5 gxf5 43.gxf5 e3 44.Rd1 e2 45.Re1 Kc5 46.b3 b4 47.c4 Kd6
48.h4 Re7 49.f6 Re6 50.Kg5 Re4 51.Kf5 Re5+ 52.Kf4 Re6 53.f7 Rf6+
54.Kg5 Rxf7 55.Rxe2 a4 56.Rd2+ Kc6 57.bxa4 Ra7 58.Kh6 Kc5 59.Rc2
Rd7 60.h5 Ra7 61.a5 Rd7 62.a6 Ra7 63.Rc1 Rxa6+ 64.Kxh7 Rxa2 65.h6
Rg2 66.Kh8 1/2-1/2

[Event "Master Open"]
[Site "Voronezh"]
[Date "2018.06.19"]
[Round "7.49"]
[White "Lystsov, Leonid"]
[Black "Domogaev, Sergey"]
[Result "1/2-1/2"]
[WhiteElo "2086"]
[BlackElo "2433"]
[Annotator ""]
[Source ""]
[Remark ""]

1.g3 g6 2.Bg2 Bg7 3.Nf3 Nf6 4.O-O O-O 5.c4 d6 6.Nc3 Nc6 7.d3
e5 8.Rb1 a5 9.a3 h6 10.b4 axb4 11.axb4 Be6 12.b5 Ne7 13.Bb2 Qd7
14.Qc2 Bh3 15.Ra1 Rab8 16.c5 Bxg2 17.Kxg2 Qe6 18.b6 cxb6 19.cxd6
Qxd6 20.Ba3 Qc7 21.Qb3 Rfe8 22.Nb5 Qc6 23.Nd6 Rf8 24.Nxf7 Rxf7
25.Bxe7 Nh7 26.Rac1 Qe8 27.Ba3 Kh8 28.Qxb6 e4 29.Nh4 Rf6 30.Qc7
g5 31.Bb2 gxh4 32.Bxf6 Nxf6 33.Qf4 b5 34.Rc5 b4 35.Re5 Qg6 36.Rc5
Qe8 37.Re5 Qg8 38.Rb1 Rf8 39.Qxh4 Qa2 40.Rxb4 Qxe2 41.Rf5 exd3
42.Qd4 d2 43.Rb1 Qe6 44.Qd3 Qc6+ 45.Kg1 Qc1+ 46.Kg2 Qe1 47.Rf3
Qc1 48.Rf5 Re8 49.Rfb5 Qc6+ 50.f3 Qd7 51.Qxd7 Nxd7 52.Rd5 Re1
53.Rxd7 Rxb1 54.Rxd2 Kh7 55.Re2 Kg6 56.Rc2 Bf6 57.Rd2 Rb6 58.Kf1
Kf5 59.Kf2 Be7 60.Kg2 Bd6 61.Rd5+ Kf6 62.Kh3 Be5 63.Kg4 Ke6 64.Rd2
Rb5 65.Re2 Kf6 66.Rc2 Kg6 67.Rc6+ Bf6 68.Kh3 Rb2 69.g4 Kf7 70.f4
Ke7 71.Rc5 Kd6 72.Rh5 Bg7 73.Kg3 Ke6 74.h4 Rb3+ 75.Kg2 Rc3 76.Rf5
Ra3 77.Rh5 Bf8 78.Rb5 Bd6 79.g5 Bxf4 80.gxh6 Rg3+ 81.Kf2 Rg8
82.Kf3 Bd6 83.Rg5 Rf8+ 84.Kg4 Be7 85.Ra5 Bf6 86.Kh5 Kf7 87.Ra7+
Kg8 88.Kg6 Bc3 89.h7+ Kh8 90.Ra6 Bg7 91.h5 Rb8 92.h6 Bd4 93.Re6
Rd8 94.Rc6 Be5 95.Re6 1/2-1/2

[Event "Master Open"]
[Site "Voronezh"]
[Date "2018.06.19"]
[Round "7.50"]
[White "Lazarov, Alexander"]
[Black "Davydov, Sergey P."]
[Result "0-1"]
[WhiteElo "2389"]
[BlackElo "2213"]
[Annotator ""]
[Source ""]
[Remark ""]

1.c4 Nf6 2.Nc3 e5 3.g3 c6 4.Nf3 d6 5.Bg2 Nbd7 6.O-O Be7 7.b4
O-O 8.b5 c5 9.d3 Re8 10.Ne1 Nf8 11.f4 exf4 12.gxf4 Ng6 13.f5
Ne5 14.Nc2 h6 15.Ne3 Neg4 16.h3 Nxe3 17.Bxe3 Nd7 18.Nd5 Bf6 19.Bd2
Bxa1 20.Qxa1 Rxe2 21.Qd1 Rxg2+ 22.Kxg2 Nf6 23.Qf3 Rb8 24.Qg3
Nxd5 25.cxd5 Qf6 26.Bf4 Bxf5 27.Bxd6 Re8 28.Rf2 Qg6 29.Qxg6 Bxg6
30.b6 axb6 31.Bc7 Bxd3 32.d6 Bb5 33.Rb2 Bc6+ 34.Kf2 b5 35.Rd2
Bd7 36.Rd5 c4 37.h4 f6 38.Ba5 Ra8 39.Bc3 Ra3 40.Bb4 Rxa2+ 41.Ke3
Rb2 42.Be1 Kf7 43.Kd4 Ke6 44.Kc5 b6+ 45.Kd4 Re2 46.Bc3 f5 0-1

[Event "Master Open"]
[Site "Voronezh"]
[Date "2018.06.19"]
[Round "7.51"]
[White "Konnov, Oleg"]
[Black "Kochukova, Anna"]
[Result "1/2-1/2"]
[WhiteElo "2311"]
[BlackElo "2170"]
[Annotator ""]
[Source ""]
[Remark ""]

1.d4 d5 2.c4 dxc4 3.Nf3 a6 4.e3 Nf6 5.Bxc4 e6 6.a4 c5 7.O-O Nc6
8.Qe2 cxd4 9.Rd1 Be7 10.exd4 O-O 11.Nc3 Nd5 12.Qe4 Nf6 13.Qe2
Nd5 14.h3 b6 15.Nxd5 exd5 16.Bd3 Nb4 17.Bb1 Re8 18.Ne5 g6 19.Qf3
Be6 20.Bd2 Rc8 21.Bxb4 Bxb4 22.Ba2 Bf8 23.Ng4 Bxg4 24.hxg4 Re4
25.Bb1 Re6 26.Ba2 Re4 27.Bb1 Re6 28.Ba2 Re4 1/2-1/2

[Event "Master Open"]
[Site "Voronezh"]
[Date "2018.06.19"]
[Round "7.52"]
[White "Kostin, Alexey"]
[Black "Thrish, Karthik"]
[Result "1-0"]
[WhiteElo "2282"]
[BlackElo "2111"]
[Annotator ""]
[Source ""]
[Remark ""]

1.e4 Nf6 2.e5 Nd5 3.d4 d6 4.exd6 cxd6 5.c4 Nb6 6.Nc3 g6 7.Be3
Bg7 8.Rc1 O-O 9.b3 Nc6 10.d5 Ne5 11.Be2 f5 12.Nf3 Nxf3+ 13.Bxf3
Nd7 14.Qd2 Ne5 15.Be2 Nf7 16.O-O e5 17.dxe6 Bxe6 18.f4 Qa5 19.Bf3
Rab8 20.Bd4 Bxd4+ 21.Qxd4 Qc5 22.Rcd1 Qxd4+ 23.Rxd4 Bd7 24.Bd5
Bc6 25.Bxf7+ Kxf7 26.Rxd6 Rfe8 27.Kf2 Re7 28.Rfd1 Rbe8 29.b4
a6 30.a4 Rc8 31.R1d4 Rec7 32.c5 Re7 33.Nd5 Ree8 34.Nb6 Rc7 35.Rd8
Re6 36.Rd2 Ree7 37.Nc8 Bxa4 38.Nxe7 Rxe7 39.Re2 Rc7 40.Re5 Bc6
41.g3 Bb5 42.h4 Bc6 43.h5 Rd7 44.Rxd7+ Bxd7 45.hxg6+ hxg6 46.Ke3 1-0

[Event "Master Open"]
[Site "Voronezh"]
[Date "2018.06.19"]
[Round "7.53"]
[White "Shemyakin, Valeriy"]
[Black "Egorov, Pavel"]
[Result "0-1"]
[WhiteElo "2229"]
[BlackElo "2282"]
[Annotator ""]
[Source ""]
[Remark ""]

1.d4 e6 2.c4 c5 3.Nf3 Nf6 4.d5 exd5 5.cxd5 d6 6.Nc3 g6 7.g3 Bg7
8.Bg2 O-O 9.Nd2 Nbd7 10.O-O Nh5 11.a4 f5 12.Nb5 Ne5 13.f4 Ng4
14.Nc4 Rf6 15.e4 a6 16.Nc3 Rf8 17.e5 dxe5 18.h3 exf4 19.Bxf4
Bd4+ 20.Kh1 Nxf4 21.Rxf4 Nf2+ 22.Rxf2 Bxf2 23.Qf3 Bd4 24.d6 Be6
25.Nd5 Bxd5 26.Qxd5+ Kh8 27.Rd1 Qf6 28.b4 Qf7 29.Nb6 Qxd5 30.Bxd5
Rad8 31.d7 Rf6 32.a5 Rxb6 33.axb6 Rxd7 34.Be6 Rd6 35.bxc5 Bxc5
36.Rxd6 Bxd6 37.Kg2 Bc5 38.Bd5 Bxb6 39.Bxb7 a5 0-1

[Event "Master Open"]
[Site "Voronezh"]
[Date "2018.06.19"]
[Round "7.54"]
[White "Maltsevskaya, Aleksandra"]
[Black "Selifonova, Aleksandra"]
[Result "1-0"]
[WhiteElo "2279"]
[BlackElo "1920"]
[Annotator ""]
[Source ""]
[Remark ""]

1.d4 d5 2.c4 dxc4 3.Nf3 Nf6 4.g3 b5 5.b3 cxb3 6.Qxb3 Qd5 7.Qb2
b4 8.Bg2 Qb5 9.O-O Bb7 10.Nc3 Qa5 11.a3 e6 12.axb4 Qxb4 13.Qc2
Qb6 14.Rb1 Bb4 15.Qa4+ Bc6 16.Qxb4 Qxb4 17.Rxb4 a5 18.Rb1 O-O
19.Ba3 Rd8 20.Be7 Rd7 21.Ne5 Bxg2 22.Nxd7 Bxf1 23.Rxb8+ Rxb8
24.Nxb8 Bh3 25.Bxf6 gxf6 26.Nc6 1-0

[Event "Master Open"]
[Site "Voronezh"]
[Date "2018.06.19"]
[Round "7.55"]
[White "Chapurin, Alexey V."]
[Black "Bedenko, Nikita"]
[Result "1-0"]
[WhiteElo "2262"]
[BlackElo "1967"]
[Annotator ""]
[Source ""]
[Remark ""]

1.d4 Nf6 2.Bf4 g6 3.e3 Bg7 4.Nf3 O-O 5.Be2 d6 6.h3 Nbd7 7.O-O
b6 8.a4 a6 9.c3 Bb7 10.Nbd2 Qe8 11.Bh2 e5 12.Nc4 Ne4 13.Re1 Qe7
14.Qb3 Kh8 15.Rad1 Rad8 16.Qb4 Ng5 17.Nfd2 Qe6 18.Bf1 f5 19.f4
Ne4 20.Nf3 exf4 21.exf4 Ndf6 22.Ne3 Bh6 23.a5 b5 24.d5 Bxd5 25.Ng5
Qg8 26.Nxd5 Nxd5 27.Qd4+ Ndf6 28.Qa7 Nxg5 29.fxg5 Bxg5 30.Qxa6
Ne4 31.Qxb5 1-0

[Event "Master Open"]
[Site "Voronezh"]
[Date "2018.06.19"]
[Round "7.56"]
[White "Klimentov, Roman"]
[Black "Parfenov, Viktor N."]
[Result "1/2-1/2"]
[WhiteElo "2180"]
[BlackElo "2247"]
[Annotator ""]
[Source ""]
[Remark ""]

1.e4 e5 2.Nf3 Nc6 3.Bb5 Nf6 4.d3 Bc5 5.c3 O-O 6.O-O d6 7.h3 Ne7
8.Nbd2 Bb6 9.Nc4 Bd7 10.Nxb6 axb6 11.Bc4 Ng6 12.Nh2 Be6 13.Bxe6
fxe6 14.Ng4 Nxg4 15.Qxg4 Qf6 16.Bg5 Qf7 17.g3 h6 18.Be3 Kh7 19.a3
Qe7 20.h4 Rf7 21.f3 Nf8 22.Rf2 Nd7 23.Raf1 Raf8 24.Qh3 Nf6 25.g4
g6 26.Rg2 Kg7 27.b4 c5 28.Rb2 Ra8 29.Ra1 Ra7 30.Kg2 d5 31.Qg3
d4 32.Bd2 Qd6 33.c4 1/2-1/2

[Event "Master Open"]
[Site "Voronezh"]
[Date "2018.06.19"]
[Round "7.57"]
[White "Seregina, Maria"]
[Black "Sukhareva, Evgeniya"]
[Result "1/2-1/2"]
[WhiteElo "1873"]
[BlackElo "2234"]
[Annotator ""]
[Source ""]
[Remark ""]

1.f4 d5 2.Nf3 Nf6 3.g3 g6 4.Bg2 Bg7 5.O-O c5 6.d3 Nc6 7.Qe1 d4
8.c3 O-O 9.e4 dxc3 10.Nxc3 Qxd3 11.e5 Nd5 12.Nxd5 Qxd5 13.Be3
Bf5 14.Nd2 Qd7 15.Bxc5 Nb4 16.Bxb4 Qd4+ 17.Kh1 Qxb4 18.Nb3 Qb6
19.Qa5 f6 20.e6 Bxe6 21.Rfe1 Bxb3 22.Qxb6 axb6 23.axb3 e5 24.Bd5+
Kh8 25.Rxa8 Rxa8 26.fxe5 fxe5 27.Bxb7 Rd8 28.Rc1 Bf8 29.Re1 Bd6
30.Ba6 Re8 31.Bd3 Bc5 32.Re2 Bd4 33.Kg2 Rf8 34.h3 Kg7 35.Bc4
Rf6 36.Bd3 h6 37.Bc4 Kf8 38.Bd3 Ke7 39.Rc2 g5 40.Be4 Bc5 41.Re2
Rd6 42.Kf3 h5 43.g4 h4 44.Bc2 Kf7 1/2-1/2

[Event "Master Open"]
[Site "Voronezh"]
[Date "2018.06.19"]
[Round "7.58"]
[White "Lysenko, Margarita"]
[Black "Mendonca, Leon Luke"]
[Result "1-0"]
[WhiteElo "2203"]
[BlackElo "2228"]
[Annotator ""]
[Source ""]
[Remark ""]

1.d4 Nf6 2.Nf3 e6 3.g3 b6 4.Bg2 Bb7 5.O-O Be7 6.c4 O-O 7.Nc3
Ne4 8.Qc2 Nxc3 9.bxc3 Nc6 10.Rd1 Na5 11.c5 d6 12.Bf4 Qe8 13.c4
dxc5 14.d5 exd5 15.cxd5 Qd8 16.Bd2 Re8 17.Bxa5 bxa5 18.e4 Rb8
19.Rab1 f6 20.Bf1 Bd6 21.Bb5 Rf8 22.Bd3 g6 23.Nh4 Qe7 24.Qa4
Kg7 25.Re1 Ba8 26.Rbc1 c6 27.dxc6 Rb4 28.Qxa5 Bxc6 29.Bc4 Bc7
30.Qa3 Bb6 31.Bd5 Bb5 32.Ng2 Rc8 33.Nf4 Ra4 34.Qf3 Bd7 35.Bc4
Rb4 36.Nd5 Qe5 37.Nxb4 cxb4 38.Red1 Be8 39.Bb3 Rc3 40.Rxc3 bxc3
41.Qf4 Bd4 42.Qxe5 fxe5 43.Bc2 Bf7 44.a4 Bc4 45.Rb1 Kf6 46.Kg2
Be2 47.Rb7 h5 48.h4 Bc4 49.f4 Be6 50.Rc7 Ba2 51.Rc6+ Kg7 52.Kf3
Bf7 53.Rc7 Kf6 54.fxe5+ Bxe5 55.Rxa7 1-0